00937cam a22002653a 45000010005000000030006000050050017000110080041000280400015000690420007000840500007000911000034000982450070001322600029002025060030002315160020002616530048002816530068003296530027003976530064004246530044004886530070005328300028006028560041006308470PGUSA20140828083157.0050701s2005||||xxu|||||s|||||000 | eng d aPGUSAbeng adc 4aPR1 aMartin, Frederick,d1830-188314aThe Life of John Clareh[electronic resource] /cFrederick Martin bProject Gutenberg,c2005 aPublic domain in the USA. aElectronic text aPoets, English -- 19th century -- Biography aNorthamptonshire (England) -- Intellectual life -- 19th century aClare, John, 1793-1864 aPsychiatric hospital patients -- Great Britain -- Biography aNorthamptonshire (England) -- Biography aAgricultural laborers -- England -- Northamptonshire -- Biography 0aProject Gutenbergv847040uhttp://www.gutenberg.org/ebooks/8470